Monetary and fiscal policy interactions under a stability pact

Gespeichert in:
Bibliographische Detailangaben
1. Verfasser: Buti, Marco
Weitere Verfasser: Roeger, Werner
Format: Buch
Sprache:Englisch
Veröffentlicht: San Domenico (FI) European University Institute 2001
Schriftenreihe:EUI Working paper ECO No. 2001/8
Schlagworte:
Tags: Tag hinzufügen
Keine Tags, Fügen Sie das erste Tag hinzu!

MARC

LEADER 00000nam a2200000 4500
001 c133188
005 20221124104702.7
041 0 |a eng 
044 |a IT 
245 1 0 |a Monetary and fiscal policy interactions under a stability pact  |c Marco Buti, Werner Roeger 
264 1 |a San Domenico (FI)  |b European University Institute  |c 2001 
300 |a 35 s. 
490 1 |a EUI Working paper ECO  |v No. 2001/8 
830 0 |a EUI Working paper ECO  |v No. 2001/8 
610 2 0 |a politika fiškálna 
610 2 0 |a politika peňažná 
610 2 0 |a interakcia ekonomická 
610 2 0 |a modelovanie matematické 
610 2 0 |a modely ekonomické 
610 2 0 |a modely ekonomicko-matematické 
100 1 |a Buti, Marco 
700 1 |a Roeger, Werner